000 00496nam a2200193Ia 4500
003 OSt
005 20221017154912.0
008 210210b2004 xxu||||| |||| 00| 0 eng d
040 _cAL
041 _aEnglish
082 _a658.8 ICFF
100 _aICFAI
_959782
245 _aFundamentals of marketing management: workbook
260 _aHyderabad
_bICFAI Center for Management Research
_c2004
300 _a92
690 _aMarketing Management
_959783
906 _a061685
942 _2ddc
_cBK
999 _c108220
_d108220